ბათუმის შოთა რუსთაველის სახელმწიფო უნივერსიტეტის ბიბლიოთეკა

A child's Garden of verses (ბიბ.ჩანაწერი № 47490)

000 -LEADER
fixed length control field 00434nam a2200193Ia 4500
001 - CONTROL NUMBER
control field 14354
003 - CONTROL NUMBER IDENTIFIER
control field GE_BSU
008 - FIXED-LENGTH DATA ELEMENTS--GENERAL INFORMATION
fixed length control field 181216s||||||||xx |||||||||||||| ||und||
040 ## - CATALOGING SOURCE
Transcribing agency GE_BSU
080 ## - UNIVERSAL DECIMAL CLASSIFICATION NUMBER
Universal Decimal Classification number 82-93
100 ## - MAIN ENTRY--PERSONAL NAME
Personal name Stevenson,Robert Louis
245 #2 - TITLE STATEMENT
Title A child's Garden of verses
260 ## - PUBLICATION, DISTRIBUTION, ETC.
Place of publication, distribution, etc. London
260 ## - PUBLICATION, DISTRIBUTION, ETC.
Name of publisher, distributor, etc. Puffin books
260 ## - PUBLICATION, DISTRIBUTION, ETC.
Date of publication, distribution, etc. 1952
300 ## - PHYSICAL DESCRIPTION
Extent 109p.20cm.
653 ## - INDEX TERM--UNCONTROLLED
Uncontrolled term A child's Garden of verses
942 ## - ADDED ENTRY ELEMENTS (KOHA)
Koha item type წიგნი
ეგზემპლარები
Withdrawn status Lost status Damaged status Not for loan Date acquired Barcode Date last seen Price effective from Koha item type
        2018-12-17 37303 2018-12-17 2018-12-17 წიგნი